Derechos de la niñez e inversión social (Registro nro. 4087)
[ vista simple ]
| 000 -LEADER | |
|---|---|
| fixed length control field | 01371 a2200253 4500 |
| 001 - CONTROL NUMBER | |
| control field | 45958 |
| 005 - DATE AND TIME OF LATEST TRANSACTION | |
| control field | 20260407155732.0 |
| 008 - FIXED-LENGTH DATA ELEMENTS--GENERAL INFORMATION | |
| fixed length control field | 260407a arg spa d |
| 003 - CONTROL NUMBER IDENTIFIER | |
| control field | AR-UNSa-BCEJYS |
| 040 ## - CATALOGING SOURCE | |
| Original cataloging agency | AR-UNSa-BCEJYS |
| Language of cataloging | spa |
| Transcribing agency | AR-UNSa-BCEJYS |
| 080 ## - UNIVERSAL DECIMAL CLASSIFICATION NUMBER | |
| Universal Decimal Classification number | 342.7-055.15 |
| Common auxiliary subdivision | Derechos de los niños/as |
| 020 ## - INTERNATIONAL STANDARD BOOK NUMBER | |
| International Standard Book Number | 978-950-33-0777-9 |
| 041 ## - LANGUAGE CODE | |
| Language code of text/sound track or separate title | spa |
| 100 1# - MAIN ENTRY--PERSONAL NAME | |
| Personal name | Fundación Arcor |
| 245 10 - TITLE STATEMENT | |
| Title | Derechos de la niñez e inversión social |
| Name of part/section of a work | profundizando compromisos de la UNC respecto de los derechos de niños, niñas y jóvenes |
| 264 #1 - PRODUCTION, PUBLICATION, DISTRIBUTION, MANUFACTURE, AND COPYRIGHT NOTICE | |
| Place of production, publication, distribution, manufacture | Córdoba : |
| Name of producer, publisher, distributor, manufacturer | Universidad Nacional de Córdoba |
| 300 ## - PHYSICAL DESCRIPTION | |
| Extent | 215 p. |
| Dimensions | 15 cm. |
| 505 ## - FORMATTED CONTENTS NOTE | |
| Formatted contents note | 1. Elementos teóricos para el análisis / María Inés Laje y María Romina Cristini – 2. Gasto Público destinado a la niñez en la Provincia de Córdoba / Juan José Pompilio Sartori – 3. Indicadores e impacto social según el enfoque de derechos / María Inés Laje, Analía Pumo y María Romina Cristini – 4. Los niños, sujetos de discursos / Ana Beatriz Ammann – 5. Reflexiones finales / Cecilia Berra, Juan José Pompilio Sartori, María Inés Laje y Ana Beatriz Ammann - |
| 590 ## - LOCAL NOTE (RLIN) | |
| Local note | niveau_biblio:m niveau_hierar:0 |
| 700 1# - ADDED ENTRY--PERSONAL NAME | |
| Personal name | UNICEF |
| 700 1# - ADDED ENTRY--PERSONAL NAME | |
| Personal name | Universidad Nacional de Córdoba |
| 856 41 - ELECTRONIC LOCATION AND ACCESS | |
| Uniform Resource Identifier | <a href="https://www.biblioeco.unsa.edu.ar/pmb/images/libros/L127247.jpg">https://www.biblioeco.unsa.edu.ar/pmb/images/libros/L127247.jpg</a> |
| Link text | Imagen de portada |
| Electronic format type | image/jpeg |
| 942 ## - ADDED ENTRY ELEMENTS (KOHA) | |
| Koha item type | |
| Withdrawn status | Lost status | Damaged status | Not for loan | Home library | Current library | Shelving location | Date acquired | Total checkouts | Full call number | Barcode | Date last seen | Price effective from | Koha item type |
|---|---|---|---|---|---|---|---|---|---|---|---|---|---|
| Biblioteca Prof. Eusebio Cleto del Rey | Biblioteca Prof. Eusebio Cleto del Rey | 07/04/2026 | 342.7-055.15 U58 | L127247 | 07/04/2026 | 07/04/2026 | Libro |